00321nam a2200109Ia 4500008004100000082000800041100002200049245002400071942000600095952009500101999001500196240331s9999 xx 000 0 und d bRIC aRoberts, J.L,. ed 0aRichard II :bnotes cL 001040708LaWERCLbWERCLcSSCd2024-03-31l0o 820 RICp4033r2024-03-31w2024-03-31yL c3200d3200